| 000 | 01202cam a22003131a 4500 | ||
|---|---|---|---|
| 001 | gs 57000171 | ||
| 003 | DLC | ||
| 005 | 20260227111405.0 | ||
| 008 | 820331s1957 dcuabf b f001 0 eng c | ||
| 010 | _ags 57000171 | ||
| 035 | _a(OCoLC)8295030 | ||
| 040 |
_aU.S. Geol. Survey. Libr. _cVi _dVi _dDNAL _dOCoLC _dDLC |
||
| 042 | _apremarc | ||
| 050 | 0 | 0 |
_aTX801 _b.U2 no. 1361 |
| 070 | 0 |
_a407 _bG29W no.1361 |
|
| 082 | _a551.49 | ||
| 086 | 0 | _aI 19.13:no.1361 | |
| 100 | 1 |
_aCederstrom, D. J. _q(Dagfin John), _d1908-1997. |
|
| 245 | 1 | 0 |
_aGeology and ground-water resources of the York-James Peninsula, Virginia / _cby D.J. Cederstrom. |
| 260 |
_aWashington, D.C. : _bU.S. G.P.O., _c1957. |
||
| 300 |
_avii, 237 p., [7] folded leaves, [1] p. of plates : _bill., maps ; _c24 cm. |
||
| 440 | 0 |
_aGeological Survey water-supply paper ; _v1361 |
|
| 500 | _a"Prepared in cooperation with the Division of Geology, Virginia Dept. of Conservation and Development." | ||
| 504 | _aBibliography: p. 232-233. | ||
| 500 | _aIncludes index. | ||
| 650 | 0 |
_aGeology _zVirginia _zVirginia Peninsula. |
|
| 650 | 0 |
_aWater-supply _zVirginia _zVirginia Peninsula. |
|
| 650 | 0 |
_aGroundwater _zVirginia _zVirginia Peninsula. |
|
| 999 |
_c29152 _d29152 |
||